<?xml version="1.0" encoding="UTF-8"?>
<record
    xmlns:xsi="http://www.w3.org/2001/XMLSchema-instance"
    xsi:schemaLocation="http://www.loc.gov/MARC21/slim http://www.loc.gov/standards/marcxml/schema/MARC21slim.xsd"
    xmlns="http://www.loc.gov/MARC21/slim">

  <leader>01457nam a22002777a 4500</leader>
  <controlfield tag="001">BRCA_9226</controlfield>
  <controlfield tag="003">FranzMayer</controlfield>
  <controlfield tag="005">20220921134006.0</controlfield>
  <controlfield tag="008">220912b        |||||||| |||| 00| 0 eng d</controlfield>
  <datafield tag="020" ind1=" " ind2=" ">
    <subfield code="a">9788412009774</subfield>
  </datafield>
  <datafield tag="040" ind1=" " ind2=" ">
    <subfield code="b">spa</subfield>
    <subfield code="c">MFM</subfield>
  </datafield>
  <datafield tag="041" ind1=" " ind2=" ">
    <subfield code="a">spa</subfield>
  </datafield>
  <datafield tag="050" ind1=" " ind2=" ">
    <subfield code="a">NE1325. H65</subfield>
    <subfield code="b">K38 2019</subfield>
  </datafield>
  <datafield tag="245" ind1=" " ind2=" ">
    <subfield code="a">Katsushika Hokusai : </subfield>
    <subfield code="b">Treinta y seis vistas del monte Fuji / </subfield>
    <subfield code="c">ed. V. David Almaz&#xE1;n Tom&#xE1;s</subfield>
  </datafield>
  <datafield tag="260" ind1=" " ind2=" ">
    <subfield code="a">Espa&#xF1;a : </subfield>
    <subfield code="b">Sans Soleil,</subfield>
    <subfield code="c">2019</subfield>
  </datafield>
  <datafield tag="300" ind1=" " ind2=" ">
    <subfield code="a">236 p. : </subfield>
    <subfield code="b">il. map. ; </subfield>
    <subfield code="c">24.5 x 17.5 cm. </subfield>
  </datafield>
  <datafield tag="490" ind1=" " ind2=" ">
    <subfield code="a">Jap&#xF3;n</subfield>
  </datafield>
  <datafield tag="490" ind1=" " ind2=" ">
    <subfield code="a">Wunderkammer</subfield>
  </datafield>
  <datafield tag="500" ind1=" " ind2=" ">
    <subfield code="a">Ubicaci&#xF3;n: L60-N1</subfield>
  </datafield>
  <datafield tag="520" ind1=" " ind2=" ">
    <subfield code="a">El monte Fuji caus&#xF3; una gran fascinaci&#xF3;n entre los artistas japoneses, pero tal vez ninguno logr&#xF3; retratarlo de forma tan magistral como Katsushika Hokusai (1760-1849). Este volumen, editado por el profesor David Almaz&#xE1;n Tom&#xE1;s, recoge la serie completa de "Treinta y seis vistas del monte Fuji", obra que se ha convertido por derecho propio en uno de los hitos de la Historia del Arte universal. En ella se recorrer&#xE1; la geograf&#xED;a y cultura japonesas a trav&#xE9;s de grabados inmortales como "El Fuji rojo" o "La gran ola de Kanagawa". - Proporcionado por la editorial. </subfield>
  </datafield>
  <datafield tag="600" ind1=" " ind2=" ">
    <subfield code="a">Katsushika, Hokusai,&#x200F;</subfield>
    <subfield code="d">1760-1849</subfield>
    <subfield code="v">Cat&#xE1;logo</subfield>
    <subfield code="x">Arte</subfield>
    <subfield code="z">Jap&#xF3;n</subfield>
    <subfield code="9">28543</subfield>
  </datafield>
  <datafield tag="650" ind1=" " ind2=" ">
    <subfield code="a">Estampas</subfield>
    <subfield code="x">Arte</subfield>
    <subfield code="x">Grabado</subfield>
    <subfield code="z">Jap&#xF3;n</subfield>
    <subfield code="9">28544</subfield>
  </datafield>
  <datafield tag="651" ind1=" " ind2=" ">
    <subfield code="a">Fuji (Jap&#xF3;n, Volc&#xE1;n)</subfield>
    <subfield code="9">28545</subfield>
  </datafield>
  <datafield tag="942" ind1=" " ind2=" ">
    <subfield code="2">lcc</subfield>
    <subfield code="c">B</subfield>
  </datafield>
  <datafield tag="999" ind1=" " ind2=" ">
    <subfield code="c">10845</subfield>
    <subfield code="d">10845</subfield>
  </datafield>
  <datafield tag="952" ind1=" " ind2=" ">
    <subfield code="0">0</subfield>
    <subfield code="1">0</subfield>
    <subfield code="2">lcc</subfield>
    <subfield code="4">0</subfield>
    <subfield code="7">0</subfield>
    <subfield code="a">BRCA</subfield>
    <subfield code="b">BRCA</subfield>
    <subfield code="d">2022-09-12</subfield>
    <subfield code="l">0</subfield>
    <subfield code="o">NE1325. H65 K38 2019</subfield>
    <subfield code="p">CONT10014</subfield>
    <subfield code="r">2022-09-12 00:00:00</subfield>
    <subfield code="w">2022-09-12</subfield>
    <subfield code="y">B</subfield>
  </datafield>
</record>
